Rozpoznávanie gest pre úlohy ovládania mechatronického systému

Salvato in:
Dettagli Bibliografici
Autore principale: Sigeti, Jakub (Autore)
Altri autori: Haffner, Oto (Relatore della tesi)
Natura: Manoscritto Libro
Lingua:slovacco
Pubblicazione: Bratislava : STU v Bratislave FEI, 2023
Soggetti:
Accesso online:https://opac.crzp.sk/?fn=detailBiblioFormChildMS9DU&sid=C0DEB8E07572332BAD240D15805F&seo=CRZP-detail-kniha
Tags: Aggiungi Tag
Nessun Tag, puoi essere il primo ad aggiungerne!!

MARC

LEADER 00000ntm a22000003a 4500
001 stuzp91903
003 SK-STU
005 20241205152249.5
007 ta
008 150427s2015----xo-----f-mn---000-0-slo-d
040 |a STU  |b slo 
041 0 |a slo 
044 |a xo 
100 1 |a Sigeti, Jakub  |u 030400  |4 aut  |U FEI Fakulta elektrotechniky a informatiky  |T FEI Ústav automobilovej mechatroniky  |X 98006  |U E400  |Y 642  |7 98006 
242 0 1 |a Recognition of gestures for tasks of mechatronic system control  |y eng 
245 1 0 |a Rozpoznávanie gest pre úlohy ovládania mechatronického systému 
260 |a Bratislava :  |b STU v Bratislave FEI,  |c 2023 
300 |a 67 s. 
650 4 |a Neurónová sieť  |2 slo 
650 4 |a LSTM  |2 slo 
650 4 |a detekcia gest  |2 slo 
650 4 |a Python  |2 slo 
650 4 |a LSTM  |2 eng 
650 4 |a Neural network  |2 eng 
650 4 |a gesture detection  |2 eng 
650 4 |a Python  |2 eng 
700 1 |a Haffner, Oto  |u 030400  |k Z1  |4 ths  |U FEI Fakulta elektrotechniky a informatiky  |T FEI Ústav automobilovej mechatroniky  |X 56107  |U E400  |Y 642  |7 A000056107 
856 4 |u https://opac.crzp.sk/?fn=detailBiblioFormChildMS9DU&sid=C0DEB8E07572332BAD240D15805F&seo=CRZP-detail-kniha